000 00441nam a2200169 a 4500
005 20140412111301.0
008 000904s19uu xx 00 eng d
020 _a0-7496-1141-3
050 _aM 508
_bP733 1993
100 _aPluckrose, Henry
245 _aChanging seasons /
_cHenry Pluckrose.
260 _aLondon :
_bWatts Books,
_c1993.
300 _a1 v. (unp.) ; ill.
440 _aWalkabout
650 _aSeasons
999 _c103388
_d103388